1936 1919 1850 1187 1961 1004 1199 1464 1145 1958 1699 1909 1974 1524 1376 1424 1212 1309 1338 1789 1134 1113 1410 1434 1071 1123 1816 1419 1826 1854 1915 1513 1622 1188 1320 1259 1769 1788 1951 1736 1613 1792 1890 1218 1154 1918 1351 1195 1252 1933 1359 1026 1565 1308 1036 1538 1902 1078 1541 1507 1369 1765 1855 1693 1343 1680 1818 1831 1521 1899 1182 1208 1767 1877 1584 1003 1809 1673 1729 1771 1991 1775 1156 1190 1745 1236 1525 1011 1731 1599 1271 1266 1372 1742 1305 1172 1963 1103 1552 BCNSPRNW ULIB Ver.6.0+V

เปลี่ยนเป็นภาษาไทย

Change to English
 แสดงรายละเอียดบรรณานุกรม
  กลับหน้าหลัก

Brief Record : Get Marc (ISO 2709) : E-mail record : QR code < ปิดหน้าต่าง
LEADER : 00000nam 2200000uu 4500
001    13399120613
003     ULIB
008    120928s2552||||th 000 0 tha d
020    ^a9789745925731
060 04 ^aWY152^bว334ก 2552
100 0  ^aวลัยพร นันท์ศุภวัฒน์
245 10 ^aการพยาบาลผู้สูงอายุ :^bความท้าทายกับภาวะประชากรสูงอายุ /^cวลัยพร นันท์ศุภวัฒน์
250    ^aพิมพ์ครั้งที่ 2
260    ^aมหาสารคาม :^bโครงการตำราทางการพยาบาล คณะพยาบาลศาสตร์มหาวิทยาลัยมหาสารคาม,^c2552
300    ^a[14], 335 หน้า :^bภาพประกอบ ;^c26 ซม.
650  7 ^aการพยาบาลผู้สูงอายุ
650  7 ^aผู้สูงอายุ^xการดูแล
650  7 ^aวัยชรา^xการพยาบาล
650  7 ^aเวชศาสตร์ผู้สูงอายุ
710 2  ^aมหาวิทยาลัยมหาสารคาม. ^bคณะพยาบาลศาสตร์
945    ^p300^l0^i15620
945    ^p300^l0^i15621
945    ^p300^l0^i15622
945    ^p300^l0^i15623
945    ^p300^l0^i15753
945    ^p300^l0^i15754
995    ^aวิภา
999 ^a ใช้งานได้ทุกระบบ
รายการนี้ยังไม่มีแท็ก
คุณยังไม่ได้ล็อกอิน คุณสามารถมีกิจกรรมร่วมกับเว็บไซต์ได้ แต่ต้องล็อกอินก่อน ::
  ล็อกอิน

รายการสื่อสารสนเทศ

ลำดับที่ ประเภท เลขเรียก/บาร์โค้ด สถานที่ สถานะ
1. Book การพยาบาล
Book การพยาบาล
สถานะ=หนังสือเก่า
WY152 ว334ก 2552 ฉ.4 
  Barcode: 15623
ห้องสมุดวิทยาเขตนครสวรรค์
►ส่วนจัดเก็บหนังสือเก่า นว.
บนชั้น
  ขอยืม
2. Book การพยาบาล
Book การพยาบาล
สถานะ=หนังสือเก่า
WY152 ว334ก 2552 ฉ.5 
  Barcode: 15753
ห้องสมุดวิทยาเขตนครสวรรค์
►ส่วนจัดเก็บหนังสือเก่า นว.
บนชั้น
  ขอยืม

รายการใกล้เคียง
    ผู้แต่ง [วลัยพร นันท์ศุภวัฒน์]

    หัวเรื่อง [การพยาบาลผู้สูงอายุ]
    หัวเรื่อง [ผู้สูงอายุ การดูแล]
    หัวเรื่อง [เวชศาสตร์ผู้สูงอายุ]

BibComment


ยังไม่เคยถูกคอมเมนท์

คอมเมนท์ทรัพยากรรายการนี้
  คอมเมนท์: การพยาบาลผู้สูงอ..


 Copyright 2026. Bcnsprnw @Library